5 Biggest Cities by Continent + Antarctica - Statistics

General Stats
  • This quiz has been taken 48 times
  • The average score is 24 of 35
Answer Stats
Hints Answer % Correct
18.8 m Moscow
93%
11.5 m Paris
93%
15.1 m London
90%
6.8 m Madrid
90%
17.1 m Los Angeles
83%
21.8 m New York City
83%
5.1 m Sydney
83%
16.8 m Buenos Aires
81%
16 m Istanbul
81%
25.4 m Mexico City
81%
13.6 m Rio de Janeiro
81%
42.6 m Shanghai
81%
10.6 m Bogota
79%
5.2 m Melbourne
79%
2.4 m Perth
79%
22.6 m São Paulo
79%
41.6 m Tokyo
79%
1.4 m Adelaide
76%
22.8 m Cairo
76%
35.7 m Delhi
76%
12 m Lima
76%
21.3 m Lagos
74%
2.7 m Brisbane
71%
9.6 m Chicago
71%
72.7 m Guangzhou/Shenzhen
71%
29.5 m Jakarta
69%
14.8 m Johannesburg
69%
16.3 m Kinshasa
60%
8.6 m Washington D.C. / Baltimore
60%
9.65 m Luanda
45%
150 McMurdo Station
24%
50 Amundsen-Scott South Pole Station
12%
55 Esperanza Base
7%
80 Presidente Eduardo Frei Montalva
5%
70 Marambio Base
2%
No matching quizzes found
Score Distribution
Percent of People with Each Score
Percentile by Number Answered
Your Score History
You have not taken this quiz